000 00556nam a22002057a 4500
999 _c6920
_d6920
003 OSt
005 20210510122735.0
008 210510b ||||| |||| 00| 0 eng d
020 _a9781405114165
040 _cDDC
082 _a577DAV 2012
100 _aDavies,B.Nicholas;Krebs,John R;West,A.Stuart;
_914196
245 _aAn introduction to behavioural Ecology
250 _a4th ed.
260 _aUK,
_bWiley-BlackWell.
_c2012.
300 _axii,506p;
_bcol,ill;
_c26cm.
504 _aincludes index
650 _aEcology
_9544
942 _2ddc
_cO_SHELF